000
00256nam a22000977a 4500
100
_a
Grace,Divine
_9
80082
245
_a
Bhagavad Gita As It Is Second Edition
260
_a
Mumbai
_b
The Bhaktivedanta book Trust
_c
2019
650
_a
Religion
_9
80083
942
_c
BK
999
_c
63567
_d
63567